Shakespeare dargestellt in vortragen.

Bibliographic Details
Main Author: Landauer, Gustav, 1870-1919
Other Authors: Buber, Martin, 1878-1965
Format: Book
Language:German
Published: Frankfurt am Main : Rutten & Loening, 1920.
Subjects:

MARC

Tag First Indicator Second Indicator Subfields
LEADER 00000cam a2200000 4500
001 in00000033966
005 20151007063358.0
008 771129s1920 gw 00000 ger
010 |a  22023747  
035 |a (OCoLC)03452311 
035 |9 AAD7258AM 
040 |a DLC  |c TJC  |d TXA  |d UtOrBLW 
049 |a TXAM  |c [46392] 
050 0 0 |a PR2978  |b .L3 
092 |a 822.33  |b EL253 
100 1 |a Landauer, Gustav,  |d 1870-1919. 
245 1 0 |a Shakespeare dargestellt in vortragen. 
264 1 |a Frankfurt am Main :  |b Rutten & Loening,  |c 1920. 
300 |a 2 volumes ;  |c 23 cm. 
336 |a text  |b txt  |2 rdacontent 
337 |a unmediated  |b n  |2 rdamedia 
338 |a volume  |b nc  |2 rdacarrier 
500 |a "Im letztwilligen des verfassers herausgegeben von Martin Buber." 
600 1 0 |a Shakespeare, William,  |d 1564-1616  |x Criticism and interpretation. 
700 1 |a Buber, Martin,  |d 1878-1965. 
999 |a MARS 
999 f f |s ce4d0180-14cb-319d-b05f-39285561f3cd  |i fd8e97ab-ab25-3200-8331-1805664e8f56  |t 0 
952 f f |p normal  |a Texas A&M University  |b College Station  |c Sterling C. Evans Library  |d Evans: Library Stacks  |t 0  |e PR2978 .L3  |h Library of Congress classification  |i unmediated -- volume  |m A14801307583 
998 f f |a PR2978 .L3  |t 0  |l Evans: Library Stacks